000 00540nam a22001932 4500
001 0000001437
005 20170406113433.0
008 140113s xx 000 0 eng d
020 _c$
040 _aYour Holding Symbol
_cYour Holding Symbol
100 1 _aWilliams,Joseph.
245 1 0 _aHebrewisms of west Africa :
_bfrom niler to niger with the jesus.
250 _a ed.
260 _atoronto :
_bThe dial press,
_c1930.
300 _a443 p. ;
_c cm.
504 _aindex.
650 0 _ahebrewisms.
908 _a140113
999 _c1350
_d1350